Rozdělování zisku v akciové společnosti
Rozhodovanie o rozdelení zisku podľa obchodného zákonníka ČR valným zhromaždením, ako aj predstavenstvom. Tvorba rezervného fondu zo zisku. Použitie zisku na výplatu dividend. Podiel členov predstavenstva, dozornej rady a zamestnancov na zisku. Prevod účtovného zisku do základného majetku.
Guardado en:
| Autor principal: | |
|---|---|
| Formato: | Capítulo de libro |
| Lenguaje: | checo |
| Materias: | |
| Etiquetas: |
Sin Etiquetas, Sea el primero en etiquetar este registro!
|
MARC
| LEADER | 00000naa a2200000 4500 | ||
|---|---|---|---|
| 001 | r024264 | ||
| 005 | 20221213083359.5 | ||
| 041 | 0 | |a cze | |
| 044 | |a CZ | ||
| 245 | 1 | 0 | |a Rozdělování zisku v akciové společnosti |c J. Dědič |
| 520 | |a Rozhodovanie o rozdelení zisku podľa obchodného zákonníka ČR valným zhromaždením, ako aj predstavenstvom. Tvorba rezervného fondu zo zisku. Použitie zisku na výplatu dividend. Podiel členov predstavenstva, dozornej rady a zamestnancov na zisku. Prevod účtovného zisku do základného majetku. | ||
| 610 | 2 | 0 | |a rozdeľovanie zisku |
| 610 | 2 | 0 | |a zisk |
| 610 | 2 | 0 | |a spoločnosti akciové |
| 610 | 2 | 0 | |a fond rezervný |
| 610 | 2 | 0 | |a predpisy právne |
| 610 | 2 | 0 | |a Česko |
| 100 | 1 | |a Dědič, J. | |